00680 2200193 4500001002100000005001700021008004100038035002400079082001100103090002000114100001200134245015400146260007100300300001800371500003300389504002800422650001800450990001800468YOGYA-0213000000118620130227102342.0 ind  0010-021300000001186 a628.54 aSK 628.54 San E aSANTOSO aEvaluasi efektivitas instalasi pengolahan limbah cair industri tahu: studi kasus pada industri tahu di Bumirejo, Jetis, Kodya Yogyakarta/oleh Santoso aYogyakartabFakultas Teknologi Industri Universitas Atmajayac1997 axvii, 122 lbr aSkripsi Universitas Atmajaya aBibliografi: lbr 98-101 aLimbah Pabrik a44262-PD/A.12